000 02056nam a2200493Ia 4500
001 ebr10363991
003 CaPaEBR
006 m u
007 cr cn|||||||||
008 100226s2009 sz ab sb i000 0 eng d
010 _z 2010369280
020 _z9789241563864
020 _z9789240684133
020 _z9241563869
040 _aCaPaEBR
_cCaPaEBR
035 _a(OCoLC)459742058
050 1 4 _aRJ240
_b.D37 2009eb
100 1 _aMaurice, J. M.,
_d1956-
245 1 0 _aState of the world's vaccines and immunization
_h[electronic resource].
250 _a3rd ed.
260 _aGeneva :
_bWorld Health Organization,
_c2009.
300 _axxxiii, 169 p. :
_bill. (some col.), maps (some col.)
500 _aBy John Maurice and Sheila Davey.
500 _aImprint: "World Health Organization, UNICEF, World Bank."
500 _aRev. ed. of: State of the world's vaccines and immunization / Sheila Davey. 2003.
504 _aIncludes bibliographical references.
533 _aElectronic reproduction.
_bPalo Alto, Calif. :
_cebrary,
_d2010.
_nAvailable via World Wide Web.
_nAccess may be limited to ebrary affiliated libraries.
650 0 _aVaccines.
650 0 _aCommunicable diseases in children
_xPrevention.
650 0 _aCommunicable diseases in children
_xPrevention
_zDeveloping countries.
650 0 _aVaccination of children
_xInternational cooperation.
650 0 _aVaccination of children
_zDeveloping countries.
650 0 _aVaccination of infants
_zDeveloping countries.
650 0 _aVaccination of infants
_xInternational cooperation.
650 0 _aMedical policy
_zDeveloping countries.
650 0 _aChildren
_xHealth and hygiene
_xGovernment policy
_zDeveloping countries.
655 7 _aElectronic books.
_2local
700 1 _aDavey, Sheila.
710 2 _aWorld Health Organization.
710 2 _aUNICEF.
710 2 _aWorld Bank.
710 2 _aebrary, Inc.
856 4 0 _uhttp://site.ebrary.com/lib/rucke/Doc?id=10363991
_zAn electronic book accessible through the World Wide Web; click to view
999 _c111208
_d111208